[Event "Olympiad-34"]
[Site "Istanbul"]
[Date "2000.11.12"]
[Round "14.2"]
[White "Gunawan, Ruben"]
[Black "Hoffman, Alejandro"]
[Result "1-0"]
[WhiteElo "2503"]
[BlackElo "2491"]
[Annotator "Tsesarsky,I"]
[PlyCount "79"]
[EventDate "2000.10.28"]
[EventType "team-swiss"]
[EventRounds "14"]
[EventCountry "TUR"]
[SourceTitle "EXT 2001"]
[Source "ChessBase"]
[SourceDate "2000.11.22"]
[SourceVersion "1"]
[SourceVersionDate "2000.11.22"]
[SourceQuality "1"]
[WhiteTeam "Indonesia"]
[BlackTeam "Argentina"]
[WhiteTeamCountry "INA"]
[BlackTeamCountry "ARG"]

1. d4 d5 2. Nf3 Nf6 3. c4 e6 4. Nc3 Be7 5. Bg5 O-O 6. e3 Nbd7 7. Rc1 dxc4 8.
Bxc4 a6 9. e4 (9. Bd3 c5 {-see comments to the game 1-0 Vajda,L-Van den Doel,E/
Altenkirchen 1999/CBM 73 ext (60) [Tsesarsky,I]}) 9... b5 10. Bd3 Bb7 (10... h6
11. Bh4 $5 (11. e5 hxg5 12. Nxg5 Bb7 13. O-O Ng4 14. Nxe6 fxe6 15. Qxg4 Nxe5
16. Qxe6+ Nf7 $17 {0-1 Bogoljubow,E-Naegeli,O/Bern 1932/HCL (42)}) 11... c5 12.
e5 Nd5 13. Bxe7 Qxe7 $14) 11. e5 (11. Qe2 c5 12. e5 Nd5 13. Bxe7 (13. Qe4 g6
14. Qh4 f6 15. exf6 Bxf6 16. Bxf6 N7xf6 $15 {0-1 Campos,J-Hoffman,A/Alcobendas
1993/EXT 98 (32)}) 13... Qxe7 14. Nxd5 Bxd5 15. dxc5 $11) 11... Nd5 12. Ne4 (
12. Bxe7 Qxe7 13. Nxd5 Bxd5 14. Rxc7 Bxf3 (14... Rfc8 15. Rxc8+ Rxc8 16. O-O
Qb4 17. Qd2 Qxd2 18. Nxd2 Bxa2 19. Ra1 Bd5 20. f3 Nb8 $132 {1/2-1/2 Lerner,
K-Ubilava,E/Kujbyshev 1986/MCL (54)}) 15. gxf3 Rad8 16. O-O Qg5+ 17. Kh1 Qh4
$44 {1/2-1/2 Illescas Cordoba,M-Garcia,G/Las Palmas 1989/EXT 97 (19)}) 12...
Bxg5 13. Nexg5 h6 14. Ne4 {Black can't play c7-c5 now, but he has another
counterplay - sufficient for equality.} Nf4 $1 {[%csl Rd3,Rg2][%cal Gb7g2]} 15.
O-O f5 $1 16. exf6 Nxf6 17. Nc5 Bd5 (17... Bxf3 18. Qxf3 Qxd4 19. Rfd1 Qe5 (
19... Nxd3 {[%csl Rb2]} 20. Qxd3 Qxd3 21. Rxd3 Rfe8 22. f3 $44) 20. Bf1 Qg5 21.
g3 Nd7 $1 22. Qe3 (22. Nxd7 $2 Nh3+ 23. Bxh3 Rxf3 24. Bxe6+ Kh8 25. Bd5 Rd3 26.
Bxa8 Rxd7 $17) 22... Nxc5 23. Rxc5 Qg6 $44) 18. Re1 Nxd3 19. Qxd3 Nh5 20. Ne4
Nf4 21. Qe3 Qe8 $2 $16 ({Quite strong was} 21... Bxa2 $1 22. b3 a5 23. Nc5 (23.
Ra1 Nd5 $15 {[%cal Gd5b4]}) 23... a4 24. Nxe6 Nxe6 25. Qxe6+ Kh7 (25... Kh8 26.
Ne5 Bxb3 27. Ng6+ Kh7 28. Nxf8+ Qxf8 29. Qe4+ Kh8 30. Rxc7 $16) 26. Qe4+ Kg8
27. bxa4 bxa4 $132) 22. Ne5 $1 {White has clear and strong plan: to occupy e5
and c5 squares by NN and to attack Black weaknesses a6,c7,e6.} (22. Rxc7 $2
Bxa2 {[%cal Gf4d5]} 23. Qa3 (23. Ra1 Nd5 $17) 23... Bd5 $132) 22... Qh5 (22...
Bxa2 $6 23. b3 {[%csl Ra2]} Nd5 24. Qh3 a5 (24... Nf4 25. Qc3 $16) 25. Rc2 Bxb3
(25... Nb4 26. Rxc7 $18) 26. Qxb3 a4 27. Qg3 $16 {[%cal Gc2c6]}) 23. a3 Rac8
24. f3 Qe8 ({White keep an advantage also after} 24... Bxe4 25. Qxe4 Qg5 26. g3
Nd5 27. Rc6 $16 {[%csl Ra6,Re6]}) 25. Nc5 {[%csl Ra6,Re6] Domination} Ng6 (
25... a5 26. Ncd7 Rf5 27. g4 $18) 26. Ned3 {[%csl Ra6,Re6]} (26. Nxa6 $18)
26... Nh4 27. Nf4 {[%csl Re6] Pe6 weakness fail.} a5 28. Ncxe6 $18 {Black
position is hopeless} Bxe6 29. Qxe6+ Qf7 (29... Qxe6 30. Nxe6 $18) 30. Re4 Nf5
31. Rc5 (31. Ng6 $18) 31... Nd6 32. Re2 a4 33. Ng6 Rfe8 34. Ne7+ Kf8 35. Qxf7+
Nxf7 36. Rxc7 $1 Rcd8 (36... Rxc7 37. Ng6+ Kg8 38. Rxe8+ Kh7 39. Nf8+ Kg8 40.
Ne6+ $18) 37. h4 Nd6 38. Re5 Nf7 39. Ng6+ Kg8 40. Rxb5 1-0

[Event "GER-ch 71st"]
[Site "Altenkirchen"]
[Date "1999.11.15"]
[Round "4"]
[White "Dautov, Rustem"]
[Black "Paulsen, Dirk"]
[Result "1-0"]
[WhiteElo "2597"]
[BlackElo "2331"]
[Annotator "Tsesarsky,I"]
[PlyCount "81"]
[EventDate "1999.11.12"]
[EventType "swiss"]
[EventRounds "9"]
[EventCountry "GER"]
[SourceTitle "CBM 074"]
[Source "ChessBase"]
[SourceDate "2000.02.01"]
[SourceVersion "1"]
[SourceVersionDate "2000.02.01"]
[SourceQuality "1"]

1. d4 d5 2. c4 e6 3. Nf3 Nf6 4. Nc3 Be7 5. Bg5 Nbd7 6. e3 O-O 7. Rc1 dxc4 8.
Bxc4 a6 9. a4 c6 $6 {[%cal Gb7b5] This move is not in spirit of this variation.
} (9... c5 10. O-O cxd4 {- main line}) {More cautiously} 10. O-O ({than} 10. e4
$5 b5 11. Bd3 bxa4 12. Qxa4 (12. e5 Nd5 13. Bxe7 Qxe7 14. Nxd5 (14. Qxa4 Nf4
15. Be4 Nxg2+ 16. Kf1 Nf4 17. Qc2 Ng6 18. h4 Rd8 19. h5 Ngf8 20. Bxc6 Rb8 21.
Ne4 Qb4 22. h6 Qxb2 23. hxg7 Kxg7 24. Qd1 a5 25. Kg2 (25. Nd6 Ba6+ 26. Kg2 Be2
27. Qg1 Bxf3+ 28. Kxf3+ Ng6 29. Qg5 Kg8 30. Nxf7 Rf8 (30... Qxd4 31. Rxh7 Qd3+
(31... Kxh7 32. Qh6+ Kg8 33. Qxg6+ Kf8 34. Qxe6 (34. Qh6+ $11) 34... Rb2 35.
Rf1 Rb4 (35... Rc8 36. Nd6 Nxe5+ 37. Kg2 Rcb8 38. Qf6+ Kg8 39. Be4 $18) 36.
Qh6+ Kxf7 37. Qh7+ Ke6 38. Qg6+ Ke7 39. Qg7+ $11) 32. Kg2 Kxh7 33. Nxd8 Ndxe5
34. Nxe6 Nxc6 35. Rh1+ Kg8 36. Nc5 Qc2 37. Qd5+ Kg7 38. Qxc6 Nf4+ 39. Kf3 (39.
Kg3 Ne2+ 40. Kg2 Nf4+ $11) 39... Qe2+ 40. Kg3 Nh5+ 41. Rxh5 Qxh5 42. Qc7+ Kg6
43. Qxb8 Qxc5 $11))) 14... cxd5 15. Qxa4 Rb8 16. Rc2 Nb6 17. Qa5 (17. Qa3 Qxa3
18. bxa3 Nc4 19. Ke2 Nxa3 20. Ra2 Nc4 21. Rc1 Rb4 22. Ne1 Bb7 23. Nc2 Rb6 24.
Ne3 Nxe3 25. Kxe3 $44) 17... Nc4 18. Bxc4 dxc4 19. O-O Bb7 20. Nd2 Qg5 21. g3
Bd5 22. Nxc4 Rfc8 (22... Bxc4 23. Rxc4 Rxb2 24. Qxa6 $14) 23. Ne3 Rxc2 24. Nxc2
Rxb2 25. Ne3 (25. Nb4 Rxf2 $1 26. Kxf2 (26. Rxf2 Qc1+ 27. Rf1 Qe3+ $11) (26.
Nxd5 Rxf1+ 27. Kxf1 Qc1+ 28. Kf2 Qc2+ 29. Ke3 Qc1+ $11) 26... Qd2+ 27. Kg1 Qg2#
) 25... Bf3 (25... Bb7 26. Nc4 Rb5 27. Qc7 h5 28. Nd6 $18) 26. Qxa6 h5 27. Qc8+
Kh7 28. Rc1 Re2 29. Qc3 $14) 12... c5 13. e5 Nd5 (13... cxd4 14. exf6 gxf6 15.
Bh6 Nc5 16. Qc4 Re8 17. Ne4 $18) 14. Bxe7 Qxe7 15. Nxd5 exd5 16. O-O $14) 10...
b5 11. Bd3 (11. Bb3 $5 Bb7 12. Qe2 b4 13. Nb1 c5 14. Rfd1 cxd4 (14... Qa5 15.
Ne5 Rfe8 (15... cxd4 16. Nxd7 Qxg5 17. f4 $18) 16. Nd2 cxd4 17. Ndc4 Qd5 18. f4
Nc5 19. Ba2 b3 20. Bb1 Nxa4 21. Rxd4 Qb5 22. Bd3 Rec8 {[%cal Gb5e8]} 23. Rd1
Qe8 24. Bxf6 gxf6 (24... Bxf6 25. Nd6 $18) 25. Qg4+ Kh8 26. Qh5 f5 (26... Qg8
27. Nxf7+ Kg7 28. Rd7 $18) 27. Nxf7+ Kg8 28. Nh6+ Kf8 29. Qh3 Nc5 (29... Bf6
30. Nd6 Qd7 31. Nhxf5 Bxd4 (31... exf5 32. Bxf5 $18) 32. Nxd4 Nxb2 (32... Qxd6
33. Nxe6+ Ke7 34. Qxh7+ Kxe6 (34... Kf6 35. g4 $18) 35. Bf5+ Kf6 36. Rxd6#) 33.
Nxe6+ Kg8 (33... Ke7 34. Qxh7+ $18) 34. Qg4+ Kh8 35. Qf5 $18) 30. Nxf5 exf5 31.
Bxf5 $16) 15. Rxd4 (15. Nxd4 Qb6 16. Nd2 Rac8 17. Nc4 (17. Bf4 Rxc1 18. Rxc1
Rc8 19. Rxc8+ Bxc8 20. h3 $11) 17... Qc5 18. Bf4 Nh5 19. Bd6 Bxd6 20. Nxd6 Qxd6
21. Qxh5 Nf6 $11) 15... Rc8 16. Rcd1 Qe8 17. Nbd2 $14) 11... Bb7 (11... bxa4
12. Nxa4 (12. Qxa4 c5 13. Ne4 (13. Rfd1 Bb7 14. Bxf6 Bxf3 15. gxf3 (15. Bxe7
Bxd1 16. Bxd8 Bxa4 17. Be7 Rfe8 18. Bd6 Bc6 19. dxc5 a5 $15) 15... Bxf6 (15...
gxf6 16. dxc5 Bxc5 17. Be4 Ra7 18. Bc6 $18) 16. dxc5 Bxc3 17. Rxc3 Qg5+ 18. Qg4
$16) 13... Nxe4 14. Bxe4 Rb8 15. Bxe7 Qxe7 16. dxc5 f5 (16... Nxc5 17. Qa3 $18)
17. Bc6 Rxb2 18. Rfd1 $16)) 12. Bxf6 $5 (12. Qc2 $14) 12... Bxf6 (12... Nxf6
13. Ne4 (13. Ne5 Bd6 14. Qc2 h6 15. Rfd1 Qc7 16. f4 bxa4 17. Nxa4 Nd5 18. Qf2
f6 19. Ng6 Rfd8 20. Nc5 $14) 13... Nd7 $5 14. Qb3 Nb6 $1 {[%csl Ra4]} 15. axb5
cxb5 16. Ne5 Rc8 17. Nc5 Bxc5 18. dxc5 Qg5 19. c6 Qxe5 20. cxb7 Rb8 21. Qc2
Rxb7 (21... h6 22. Qc6 $14) 22. Bxh7+ Kh8 23. Be4 $14) 13. Qc2 g6 (13... h6 14.
Ne4 $14) 14. Ne4 Be7 15. Rfd1 {[%csl Rb7]} bxa4 (15... f5 16. Ned2 Bd6 17. Qb3
Qe7 18. Re1 Nf6 19. e4 fxe4 20. Nxe4 Bf4 21. Ra1 $14) (15... Rb8 16. Ra1 f5 17.
Ned2 Bd6 18. e4 $14) 16. Qxa4 Qb6 17. Qc2 {[%csl Rc5]} a5 (17... Rfd8 18. h4
$14) 18. h4 Rfc8 19. h5 $6 $132 (19. Nc5 $1 Nxc5 20. dxc5 Qc7 (20... Qb4 21. h5
$1 (21. Be4 Bxc5 22. Rd7 Bf8 23. Ng5 Be7) 21... Rd8 22. hxg6 hxg6 23. Bxg6 $16)
21. h5 Bf6 22. hxg6 hxg6 23. Nd2 (23. Bxg6 fxg6 24. Qxg6+ Qg7 $17) 23... Rd8
24. Ne4 Be7 25. Bc4 Qe5 26. f4 Qg7 27. Rxd8+ Rxd8 28. Ra1 Ra8 29. Nd6 Bc8 30.
Ra3 $14) 19... c5 $1 $11 20. Ne5 Nxe5 21. dxe5 Bd5 (21... c4 22. Bxc4 Bxe4 23.
Qxe4 Qxb2 24. hxg6 (24. Rb1 Qc3 25. Rdc1 Qd2) 24... hxg6 25. Rb1 (25. Bxe6 Rxc1
26. Qxg6+ (26. Qxa8+ Kg7 27. Bg4 Rxd1+ 28. Bxd1 Qxe5 $11) 26... Kh8 27. Qh6+
Kg8 $11) (25. Rc2 Qb4 26. Rd4 (26. Rdc1 Kg7 27. Qf3 Rh8 28. g3 a4 $15) 26...
Qe1+ 27. Kh2 Kg7 28. Kg3 $11) 25... Qc3 26. Bxe6 fxe6 27. Qxg6+ Kf8 28. Qh6+
Kf7 (28... Ke8 29. Qg6+ Kf8 30. Rd4 Rc4 31. Qh6+ Ke8 32. Qh8+ Kf7 (32... Bf8
33. Qh5+ Ke7 34. Qh4+ $18) 33. Qxa8 $18) 29. Rd4 Qc2 30. Rf4+ Ke8 31. Rb7 $18)
22. Nd6 $2 $17 {Trying to deceive the partner and this attempt unexpectedly is
possible!} (22. hxg6 hxg6 23. Rd2 (23. Nd6 Bxd6 24. exd6 (24. Bxg6 Bxe5 $19)
24... Bb3 $19) 23... Rd8 24. Nf6+ (24. Nd6 Bxd6 25. exd6 Rxd6 26. Qxc5 Qxc5 27.
Rxc5 Bb7 $17 {[%csl Rd3][%cal Gd6d2]}) 24... Kg7 25. Bc4 (25. e4 Bb7 26. Rcd1
Rd4 $17) 25... Bxc4 26. Rxd8 Qxd8 27. Qxc4 Bxf6 28. exf6+ Qxf6 29. b3 Rc8 30.
Qb5 $44) 22... Bxd6 $1 (22... Bb3 $6 23. Nxc8 (23. Qc3 Bxd1 24. Nxc8 Rxc8 25.
Rxd1 Rb8 26. Rd2 Qb4 $11) (23. Qb1 Bxd1 24. Bxg6 Bxd6 25. Bxf7+ Kg7 26. exd6
Bb3 $19) 23... Rxc8 24. Qb1 Bxd1 25. Rxd1 (25. hxg6 Bh5 26. gxh7+ Kh8 27. Rc4
Qb3 $17) 25... Rd8 26. Rc1 (26. Qc2 Kg7 $11) 26... Kg7 $11 (26... Rd5 27. hxg6
hxg6 28. Bxg6 Kg7 (28... Rxe5 29. Bxf7+ $18) 29. Be4 Rxe5 30. Bf3 $14)) 23.
exd6 Qxd6 (23... Bb3 $2 24. Qc3 $1 Bxd1 (24... Rd8 25. h6 f6 26. Qxf6 Ra7 27.
Bc2 $18) 25. h6 f6 26. Qxf6 $18) 24. Bxg6 $5 (24. e4 Bb7 $17) 24... hxg6 $2 $11
(24... fxg6 $1 25. e4 (25. hxg6 Qe7 26. e4 Bb7 27. gxh7+ Qxh7 $17) 25... Ra7
26. exd5 exd5 27. hxg6 hxg6 28. Rd3 {In the game later Black will receive the
same position without 2 tempi...} Re8 (28... Rh7 $17) 29. Qd2 (29. Rg3 Re4 $17)
29... Rh7 $17) 25. e4 Kh7 (25... gxh5 26. Qd2 f6 27. exd5 Rd8 28. Qh6 exd5 29.
Qg6+ (29. Rc3 h4 30. Qxh4 Ra7 31. Rg3+ Rg7 32. Rdd3 (32. Rxg7+ Kxg7 33. Rd3 d4
34. Qg4+ Kf8 35. Rh3 Rd7 $44) 32... Rdd7 $44) 29... Kf8 30. Qh6+ $11) (25...
Rab8) 26. hxg6+ fxg6 27. Rd3 Qe5 $2 $16 {long-awaited mistake...} (27... Bxe4
28. Rxd6 Bxc2 29. Rxc2 $11) 28. exd5 exd5 29. Re3 Qf6 30. Rce1 {[%csl Rh7]
Compare this position with position after 28 moves in the commen to 24 Black
move.} Rc7 (30... Ra7 31. Re6 $44) 31. Rh3+ Kg8 32. Ree3 Rf8 (32... Rb8 33.
Reg3 $16) 33. Reg3 Kg7 34. Rf3 Qd6 35. Qd2 (35. Rxf8 Qxf8 (35... Kxf8 36. Qc3
d4 37. Qxa5 $14) 36. Qd2 $11 {[%csl Ra5,Rd5,Rh6]}) 35... Rh8 (35... Rxf3 36.
Qh6+ Kf7 37. Rxf3+ Kg8 38. Rg3 Rg7 (38... Qe5 39. Rxg6+ Rg7 40. Re6 Qf5 41. g3
$16 (41. Re8+ Kf7 42. Rb8 Qb1+ 43. Kh2 Rh7 44. Rb7+ Kg8 $11)) 39. Rh3 Kf7 40.
Qh8 Qd7 41. Rf3+ Ke6 42. Qh4 $18) 36. Rxh8 Kxh8 37. Qh6+ Kg8 38. Rg3 Rg7 (38...
Rc6 39. Rh3 Qe5 40. Qh7+ Kf8 41. Re3 $18) 39. Rh3 Re7 (39... Kf7 40. Qh8 $18)
40. Qh8+ Kf7 41. Rf3+ 1-0

[Event "FIDE-Wch k.o."]
[Site "Groningen"]
[Date "1997.12.16"]
[Round "3.4"]
[White "Zvjaginsev, Vadim"]
[Black "Seirawan, Yasser"]
[Result "1-0"]
[WhiteElo "2635"]
[BlackElo "2630"]
[Annotator "Tsesarsky,I"]
[PlyCount "67"]
[EventDate "1997.12.09"]
[EventType "k.o."]
[EventRounds "7"]
[EventCountry "NED"]
[SourceTitle "CBM 063"]
[Source "ChessBase"]
[SourceDate "1998.03.26"]
[SourceVersion "1"]
[SourceVersionDate "1998.03.26"]
[SourceQuality "1"]

1. d4 Nf6 2. c4 e6 3. Nc3 d5 4. Bg5 Nbd7 5. Nf3 (5. e3 Be7 6. Nf3 O-O 7. Rc1 a6
8. a3 h6 9. Bh4 dxc4 10. Bxc4 b5 (10... c5 11. Be2 (11. dxc5 Nxc5 12. Be2 b6
13. Qxd8 (13. O-O Bb7 14. Nd4 Nd5 15. Bxe7 Nxe7 16. b4 Ne4 $11 {1/2-1/2
Capablanca,J-Alekhine,A/Wch13-Buenos Aires 1927 (27)}) 13... Bxd8 14. O-O Nb3
15. Rcd1 Bb7 16. Nd2 Nxd2 17. Rxd2 Ne4 18. Nxe4 Bxh4 $11 {1/2-1/2 Capablanca,
J-Alekhine,A/Wch13-Buenos Aires 1927 (29)}) 11... cxd4 12. Nxd4 Nb6 13. Bg3
Nbd5 14. Nxd5 Nxd5 15. O-O Bf6 16. Qb3 Bxd4 17. exd4 b6 18. Bf3 Bb7 $11 {
1/2-1/2 Capablanca,J-Alekhine,A/Wch13-Buenos Aires 1927 (21)}) 11. Be2 Bb7 12.
O-O c5 13. dxc5 Nxc5 14. Nd4 Rc8 $11 {0-1 Capablanca,J-Alekhine,A/Wch13-Buenos
Aires 1927 (32)}) 5... h6 6. Bh4 Be7 7. e3 O-O 8. Rc1 a6 (8... dxc4 9. Bxc4 a6
10. a3 c5 11. O-O b5 12. Ba2 Bb7 13. Qe2 Bxf3 14. Qxf3 cxd4 15. exd4 Nb6 16.
Rfd1 Ra7 $11 {1-0 Sae Heg,B-Campos,E/Moscow olm THA-ANG 1994 (28)}) 9. b3 (9.
c5 c6 10. Bd3 Re8 (10... b6 11. cxb6 Qxb6 12. O-O Qxb2 13. Na4 Qb7 14. Qc2 c5
15. dxc5 Qa7 16. Nd4 (16. c6 $16) 16... Re8 17. Nc6 Qc7 18. Nxe7+ Rxe7 19. c6
$16 {1-0 Calderin,R-Otero,E/CUB-ch 1988 (39)}) 11. b4 (11. O-O e5 12. Nxe5 Nxe5
13. dxe5 Ng4 14. Bg3 Bxc5 $17 {0-1 Timman,J-Larsen,B/Niksic 1983 (42)}) 11...
a5 12. a3 axb4 13. axb4 b6 $132 {1/2-1/2 Gavrikov,V-Hort,V/Amsterdam OHRA-B
1987 (24)}) (9. Bxf6 Nxf6 10. a3 dxc4 11. Bxc4 c5 12. dxc5 Bxc5 13. Qxd8 Rxd8
14. Ke2 Bd7 15. Rhd1 {1/2-1/2 Nogueiras,J-Garcia Gonzales,G/CUB-ch 1989}) (9.
a3 dxc4 10. Bxc4 b5 11. Ba2 Bb7 12. Bb1 Rc8 13. O-O c5 14. Ne5 cxd4 15. exd4
Re8 16. Re1 Rc7 $6 (16... Nxe5 $1 17. dxe5 Qxd1 18. Rexd1 Nd5 19. Bxe7 Nxe7 (
19... Nxc3 20. Rxc3 Rxc3 21. bxc3 $18) 20. Rd7 Bc6 21. Ra7 Ra8 $11) 17. Qe2 Qa8
18. f3 Qc8 $2 (18... Nxe5 19. dxe5 Ng4 20. Bg3 Bc5+ (20... Ne3 21. Nxb5 Rxc1
22. Rxc1 axb5 23. Qxe3 $16) 21. Kh1 Ne3 22. Ne4 Bxe4 23. Bxe4 Nd5 24. Red1 $14)
19. Nxf7 $1 $16 {1-0 Viner,P-Heyne,M/WchS Wildbad 1993 (22)}) (9. cxd5 exd5 10.
Bd3 c6 (10... Re8 11. O-O c6 12. Bg3 Bf8 (12... Nf8 $132) 13. Bb1 g6 14. h3 Bg7
15. a3 a5 16. Na4 $14 {1-0 Gligoric,S-Hort,V/Palma de Mallorca izt 1970 (37)})
11. Bg3 (11. O-O Ne4 12. Bxe7 Qxe7 13. a3 f5 14. b4 b5 15. Ne2 Bb7 16. Nf4 Kh7
17. h4 Rg8 $4 18. h5 $4 (18. Bxe4 fxe4 19. Ng5+ $18) 18... Rac8 19. Ng6 $16 {
1-0 Sander,D-Schwark,M/Leipzig VfB op 1996 (43)}) 11... Nh5 (11... Re8 12. O-O
Nf8 13. Ne5 Ne6 14. Bb1 (14. a3 $14) 14... Ng5 15. Qb3 $6 Nh5 $15 {1/2-1/2 Tal,
M-Hennings,A/Sochi 1973 (41)}) 12. Be5 (12. Bb1 Nxg3 13. hxg3 Re8 14. Qc2 Nf8
15. O-O Bd6 16. a3 g6 17. Qb3 Rb8 $15 {1/2-1/2 Novikov,I-Schmittdiel,E/
Budapest BORSODTAVHO 1991 (25)}) 12... Nxe5 13. Nxe5 Nf6 14. Bc2 Ne8 15. Qd3 f5
16. O-O Bd6 17. f3 Be6 $132 {1-0 Gurevich,M-Shvidler,E/Tel Aviv-A 1989 (40)})
9... b6 10. cxd5 exd5 11. Bd3 Bb7 12. Bf5 g6 13. Bh3 (13. Bxd7 Nxd7 14. Bg3 Rc8
(14... c5 $5) 15. O-O Nf6 16. Qe2 Nh5 17. Be5 f6 18. Bg3 Nxg3 19. hxg3 Kg7 20.
Qd3 Qe8 21. Nh4 f5 22. Ne2 Bd6 23. Nf4 g5 24. Nxf5+ {1/2-1/2 Zvjaginsev,
V-Seirawan,Y/FIDE WCh KO 1997} Rxf5 25. Qxf5 gxf4 26. gxf4 Qe7 $15) 13... Re8
14. O-O Nf8 15. Ne5 N6h7 (15... c5 16. Qf3 g5 17. Bg3 Bd6 18. Nd7 N8xd7 19.
Bxd6 cxd4 20. exd4 Rc8 21. Bf5 $14) 16. Bxe7 Rxe7 17. g3 (17. Na4 Ng5 18. Bg4
Qd6 $11) 17... Qd6 18. Bg2 $14 Rd8 (18... Nf6 19. Nc4 Qe6 20. Ne2 Ne4 21. Nf4
Qf6 22. Ne5 $14) 19. Qc2 (19. Ng4 h5 20. Ne5 c5 $132) 19... Ne6 20. Rfd1 (20.
b4 $2 Qxb4 21. Nxg6 fxg6 22. Qxg6+ Ng7 23. Qxh6 Qd6 $17) 20... Kg7 21. Qb2 (21.
Nc4 Qd7 22. a3 f6 23. Nd2 $14) 21... f6 22. Nd3 (22. Nc4 Qd7 23. a3 Rb8 24. Nd2
$14) 22... Nhf8 (22... Nhg5 23. b4 (23. Qc2 $14) 23... c6 24. a4 $14) 23. b4 g5
$2 (23... c6 24. a4 $14) 24. Nc5 $3 (24. a4 $14) (24. b5 a5 25. Rd2 Ng6 26.
Rdc2 f5 $14) 24... bxc5 $8 25. bxc5 Qc6 26. e4 $1 Red7 (26... Ba8 27. exd5 Qb7
28. Qa3 Qa7 29. c6 $1 (29. dxe6 Bxg2 30. Kxg2 Nxe6 31. c6 $16) 29... Ree8 30.
dxe6 Nxe6 31. d5 $18) 27. exd5 Rxd5 $8 28. Nxd5 Rxd5 29. Rb1 (29. Re1 $2 Ba8
30. Rcd1 $14) 29... Nd8 (29... Ba8 30. Qb8 (30. Qe2 Qd7 31. Qxa6 Nxd4 32. Rxd4
Rxd4 33. Qxa8 $14) 30... Ng6 31. Qa7 Ne7 32. Re1 Nc8 33. Qb8 (33. Rxe6 Nxa7 34.
Rxc6 Bxc6 $17) 33... Ne7 34. Kf1 $22 (34. Rxe6 Qxe6 35. Qxa8 Rxd4 $15) 34...
Nf5 35. Qc8 (35. Bxd5 Qxd5 36. Rxe6 Qh1+ 37. Ke2 Qf3+ 38. Ke1 Qc3+ 39. Kf1 Qc4+
40. Kg1 Qxe6 (40... Qd5 41. Qxc7+ Kg6 42. Rxf6+ Kxf6 43. Rb6+ $18) 41. Qxa8 $18
) 35... Nfxd4 36. Rb8 Rd8 37. Bxc6 Rxc8 38. Rxa8 Rxa8 39. Bxa8 $18) 30. Qe2 Qd7
$2 (30... Nfe6 31. h3 $1 (31. Rxb7 $2 {Seirawan} Qxb7 32. Qc4 c6 33. Bxd5 cxd5
34. Qc2 $17) (31. Qc4 $2 Ba8 32. Rb8 Rxd4 $1 $19) 31... f5 (31... Qd7 32. Qc4
Rxd4 33. Rxd4 Nxd4 34. Bxb7 Nxb7 35. c6 $1 (35. Rxb7 $2 Nf3+ 36. Kg2 Nh4+ (
36... Ne1+ 37. Kf1 Nf3 38. Ke2 $16) 37. gxh4 Qc6+ $11) 35... Nxc6 36. Rxb7 $16)
32. a4 a5 33. Rb5 (33. Qe1 Qd7 34. Bxd5 (34. Qxa5 Bc6 $15) 34... Qxd5 35. Qe5+
Kg6 36. Qxd5 Bxd5 37. Rb5 Nc6 $15) 33... Kh7 34. Qc2 Rxc5 $5 35. Bxc6 Rxc2 36.
Bxb7 $16) 31. Rxb7 $1 $18 Nxb7 32. c6 $1 Qxc6 33. Qe7+ Kg8 34. Qe4 1-0